| 000 | 01577nam2a2200301 4500 | ||
|---|---|---|---|
| 001 | RU\NLR\bibl\104906 | ||
| 005 | 20260407041146.0 | ||
| 010 |
_a5-88648-176-1 _9300 |
||
| 021 |
_aRU _b2000-5921п _9219п |
||
| 035 | _a(NLR Aleph) 000102640 | ||
| 090 |
_a580117 _c580117 |
||
| 100 | _a20000823d1999 |||y0rusy50 ca | ||
| 101 | 0 | _arus | |
| 102 | _aRU | ||
| 105 | _ay ||||||||| | ||
| 200 | 1 | _aПроблемы гармонизации межэтнических отношений в регионе | |
| 210 |
_d1999 _aБ. м. |
||
| 215 |
_a163 с. _d20 |
||
| 300 | _aВ надзаг.: М-во образования Рос. Федерации, Межвуз. науч. программа "Ун-ты России - фундам. исслед." | ||
| 320 | _aБиблиогр. в примеч. в конце докл. | ||
| 461 | 0 |
_1001RU\NLR\bibl\46155 _12001#$aЭтнические проблемы современности$vВып. 5 _9237956 _cСтаврополь _d1999 _f[Редкол.: В.А. Шаповалов (отв. ред.) и др.] _lContemporary ethnic problems _nИзд-во СГУ _oМатериалы науч. конф. _tЭтнические проблемы современности _vВып. 5 |
|
| 712 | 0 | 2 |
_4570 _a"Университеты России - фундаментальные исследования", межвузовская научная программа _3RU\NLR\AUTH\8810013217 _9524296 |
| 801 | 0 |
_aRU _bNLR _c20000823 _gPSBO |
|
| 801 | 1 |
_aRU _bNLR _c20000823 |
|
| 852 |
_aNLR _j99-3/9833 |
||
| 942 | _cBOOK | ||
| 980 | _aNB | ||